000 00410nam a2200157Ia 4500
005 20250508154034.0
008 008 250505s9999 xx 000 0 eng d
037 _aReference
040 _aFEDL
_beng
_cFEDL
041 _aeng
_2eng
084 _a370.154, BIG
_qFEDL
245 0 _aLearning theories for teachers
300 _a366p.
942 _cREF
_h370.154, BIG
999 _c1347212
_d1347212